The Golden Galleon Being a Narrative of the Adventures of Master Gilbert Oglander, and of how, in the Year 1591, he fought under the gallant Sir Richard Grenville in the Great Sea-fight off Flores, on board her Majesty's Ship the Revenge

Saved in:
Bibliographic Details
Main Author: Leighton, Robert, 1859-1934
Other Authors: Rainey, W., 1852-1936 (William) (Illustrator)
Format: eBook
Language:English
Published: Project Gutenberg, 2011
Series:Project Gutenberg 35940
Online Access:http://www.gutenberg.org/etext/35940
Rights
Tags: Add Tag
No Tags, Be the first to tag this record!
Call Number :

MARC

LEADER 00000cam a22000003a 4500
001 78390
003 MY-KLNDU
005 20241219035335.0
008 210403s2011||||xxu|||||s|||||000 | eng d
035 |a (PGUSA)35940 
039 9 |y 202104031449  |z VLOAD 
040 |a PGUSA  |b eng 
042 |a dc 
100 1 |a Leighton, Robert, 1859-1934 
245 1 4 |a The Golden Galleon Being a Narrative of the Adventures of Master Gilbert Oglander, and of how, in the Year 1591, he fought under the gallant Sir Richard Grenville in the Great Sea-fight off Flores, on board her Majesty's Ship the Revenge  |h [elec 
260 |b Project Gutenberg,  |c 2011 
500 |a Project Gutenberg 
506 |a Freely available. 
516 |a Electronic text 
599 |a Dummy Record 
700 1 |a Rainey, W., 1852-1936  |q (William),  |e Illustrator 
830 0 |a Project Gutenberg  |v 35940 
856 4 0 |u http://www.gutenberg.org/etext/35940 
856 4 2 |u http://www.gutenberg.org/license  |3 Rights 
999 |a vtls000089662  |c 78390  |d 78390